[Event "It."]
[Site "Pamplona"]
[Date "1998.12.27"]
[Round "1.1"]
[White "De La Riva Aguado, Oscar"]
[Black "Krasenkow, Michal"]
[Result "1/2-1/2"]
[WhiteElo "2510"]
[BlackElo "2655"]
[PlyCount "39"]
[EventDate "1998.12.27"]

1. e4 g6 2. d4 Bg7 3. Nf3 d6 4. c3 Nd7 5. Bc4 e6 6. O-O Ne7 7. Re1 b6 8. a4 a6
9. Bf4 Bb7 10. Nbd2 h6 11. e5 dxe5 12. Nxe5 Nxe5 13. Bxe5 Bxe5 14. Rxe5 O-O 15.
Qg4 Kg7 16. Nf3 Bxf3 17. Qxf3 a5 18. Rae1 c6 19. Qd1 Ra7 20. g3 1/2-1/2

[Event "It."]
[Site "Pamplona"]
[Date "1998.12.27"]
[Round "1.4"]
[White "De La Villa Garcia, Jesus"]
[Black "Sutovsky, Emil"]
[Result "1-0"]
[WhiteElo "2500"]
[BlackElo "2575"]
[PlyCount "89"]
[EventDate "1998.12.27"]

1. e4 c5 2. Nf3 d6 3. d4 cxd4 4. Nxd4 Nf6 5. Nc3 a6 6. f3 Nc6 7. Be3 d5 8. Qe2
e5 9. Nxc6 bxc6 10. exd5 Nxd5 11. O-O-O Be6 12. Qe1 Bb4 13. Qg3 Bxc3 14. Qxg7
Bxb2+ 15. Kxb2 Qb8+ 16. Ka1 Kd7 17. c4 Rg8 18. Qxh7 Rg6 19. cxd5 cxd5 20. Qh4
d4 21. Bxd4 exd4 22. Qxd4+ Ke7 23. g3 Qc7 24. Bd3 Rg5 25. Rhe1 Rd8 26. Qb4+ Qc5
27. Qxc5+ Rxc5 28. Bb1 Rb8 29. f4 Kf8 30. Rd2 a5 31. Rb2 Rbc8 32. Ree2 a4 33.
Rbc2 Rc3 34. Red2 Kg7 35. f5 Rxc2 36. Rxc2 Bxf5 37. Rxc8 Bxc8 38. Kb2 f5 39.
Ka3 Bd7 40. Bc2 Kf6 41. Bxa4 Be6 42. Bb3 Bd7 43. Kb4 Kg5 44. Bd1 f4 45. Bf3 1-0

[Event "It."]
[Site "Pamplona"]
[Date "1998.12.27"]
[Round "1.5"]
[White "Illescas Cordoba, Miguel"]
[Black "Xie, Jun"]
[Result "1/2-1/2"]
[WhiteElo "2605"]
[BlackElo "2510"]
[PlyCount "119"]
[EventDate "1998.12.27"]

1. d4 Nf6 2. c4 g6 3. g3 c6 4. Bg2 d5 5. cxd5 cxd5 6. Nf3 Bg7 7. O-O O-O 8. Ne5
e6 9. Nc3 Nfd7 10. f4 Nc6 11. Be3 Nb6 12. Bf2 Bd7 13. e4 Ne7 14. Nxd7 Qxd7 15.
e5 Rac8 16. Qe2 a6 17. Rae1 Rc7 18. g4 Rfc8 19. f5 gxf5 20. gxf5 Nxf5 21. Qh5
Nc4 22. Nxd5 Nd2 23. Qg5 exd5 24. Qxd2 Ne7 25. Qd3 Qg4 26. Kh1 Qg6 27. Qf3 Qb6
28. Bh3 Rf8 29. Rg1 Ng6 30. Re2 Kh8 31. Bf5 Ne7 32. Bd3 f5 33. Qh5 Qh6 34. Qxh6
Bxh6 35. Rc2 Rxc2 36. Bxc2 Rg8 37. Bh4 Rxg1+ 38. Kxg1 Nc6 39. e6 Kg7 40. Bb3
Be3+ 41. Kg2 Bxd4 42. e7 Kf7 43. Bxd5+ Ke8 44. b4 Be5 45. a4 Bd6 46. b5 axb5
47. axb5 Nxe7 48. Bxb7 Kd7 49. Bf2 Ng6 50. Bc6+ Kc7 51. Be8 Nf4+ 52. Kf3 Nd3
53. Bg1 Kd8 54. Bh5 Ke7 55. b6 Kd7 56. h4 Nf4 57. Bf7 Ng6 58. Bg8 Nxh4+ 59. Ke2
Ng6 60. Bxh7 1/2-1/2

[Event "It."]
[Site "Pamplona"]
[Date "1998.12.28"]
[Round "2.1"]
[White "Krasenkow, Michal"]
[Black "Xie, Jun"]
[Result "1/2-1/2"]
[WhiteElo "2655"]
[BlackElo "2510"]
[PlyCount "68"]
[EventDate "1998.12.27"]

1. Nf3 Nf6 2. d4 g6 3. c4 Bg7 4. Nc3 O-O 5. e4 d6 6. h3 e5 7. d5 Na6 8. Bg5 Qe8
9. g4 Kh8 10. Rg1 Ng8 11. Be2 Bd7 12. Qd2 Nc5 13. b4 Na4 14. Nxa4 Bxa4 15. Rc1
Qd7 16. Rg3 c6 17. Nh4 cxd5 18. exd5 f6 19. Be3 f5 20. gxf5 gxf5 21. Bg5 a6 22.
Bd3 Rac8 23. Bb1 Rc7 24. Ra3 e4 25. Bf4 b6 26. Rxa4 Qxa4 27. Bxd6 Rcc8 28. Bxf8
Rxf8 29. d6 Qa3 30. d7 Qxh3 31. Qf4 Bh6 32. Qe5+ Bg7 33. Qf4 Bh6 34. Qe5+ Bg7
1/2-1/2

[Event "It."]
[Site "Pamplona"]
[Date "1998.12.28"]
[Round "2.2"]
[White "Sutovsky, Emil"]
[Black "Illescas Cordoba, Miguel"]
[Result "1/2-1/2"]
[WhiteElo "2575"]
[BlackElo "2605"]
[PlyCount "85"]
[EventDate "1998.12.27"]

1. e4 e5 2. Nf3 Nc6 3. Nc3 Nf6 4. Bb5 Nd4 5. O-O Nxb5 6. Nxb5 c6 7. Nc3 d6 8.
d4 Qc7 9. Bg5 Be7 10. h3 h6 11. Bh4 Nh5 12. Bxe7 Qxe7 13. Nxe5 dxe5 14. Qxh5
exd4 15. Ne2 O-O 16. Nxd4 Qxe4 17. Rad1 Re8 18. Rfe1 Qxe1+ 19. Rxe1 Rxe1+ 20.
Kh2 Bd7 21. Qc5 Rd1 22. c3 b6 23. Qe7 c5 24. Qxd7 cxd4 25. cxd4 Rd2 26. b4 Rxf2
27. a4 Rb2 28. b5 Rb4 29. Qb7 Rd8 30. Qxa7 Rdxd4 31. Qxb6 Rxa4 32. Qb8+ Kh7 33.
b6 Rab4 34. Qe5 Rdc4 35. Qd5 Rf4 36. Qd2 g5 37. Qc2+ Kg7 38. Qc3+ Kh7 39. Qc7
Rf6 40. b7 Rfb6 41. Qxf7+ Kh8 42. Qf8+ Kh7 43. Qf7+ 1/2-1/2

[Event "It."]
[Site "Pamplona"]
[Date "1998.12.29"]
[Round "3.2"]
[White "Comas Fabrego, Luis"]
[Black "De La Riva Aguado, Oscar"]
[Result "1/2-1/2"]
[WhiteElo "2540"]
[BlackElo "2510"]
[PlyCount "34"]
[EventDate "1998.12.27"]

1. c4 Nf6 2. Nf3 c5 3. g3 g6 4. Bg2 Bg7 5. O-O O-O 6. Nc3 Nc6 7. d4 cxd4 8.
Nxd4 Ng4 9. e3 Nxd4 10. exd4 Nh6 11. b3 Nf5 12. Ne2 Rb8 13. a4 d6 14. Bb2 e6
15. Re1 Bd7 16. Bc3 Re8 17. a5 d5 1/2-1/2

[Event "It."]
[Site "Pamplona"]
[Date "1998.12.29"]
[Round "3.5"]
[White "Xie, Jun"]
[Black "Sutovsky, Emil"]
[Result "0-1"]
[WhiteElo "2510"]
[BlackElo "2575"]
[PlyCount "92"]
[EventDate "1998.12.27"]

1. e4 c5 2. Nf3 Nc6 3. d4 cxd4 4. Nxd4 Nf6 5. Nc3 e5 6. Ndb5 d6 7. Bg5 a6 8.
Na3 b5 9. Nd5 Be7 10. Bxf6 Bxf6 11. c3 Rb8 12. Nc2 O-O 13. a3 Bg5 14. Ncb4 Bb7
15. g3 a5 16. Nxc6 Bxc6 17. h4 Bh6 18. Bh3 b4 19. axb4 axb4 20. c4 Ra8 21. O-O
Rxa1 22. Qxa1 Bxd5 23. cxd5 Qb6 24. Re1 Qd4 25. Qb1 b3 26. Rd1 Bd2 27. Bf1 Rc8
28. Bd3 Qb4 29. Qa1 g6 30. Qa6 Rc7 31. Ra1 Bc1 32. Qa8+ Kg7 33. Qd8 Qe1+ 34.
Kg2 Rc2 35. Bxc2 bxc2 36. Ra8 Qxe4+ 37. Kh2 Kh6 38. Rc8 Bd2 39. Qf8+ Kh5 40.
Qxf7 c1=Q 41. Qxh7+ Kg4 42. Rxc1 Bxc1 43. h5 Qe2 44. Qxg6+ Kf3 45. Qf7+ Bf4 46.
Qa7 Bxg3+ 0-1

[Event "It."]
[Site "Pamplona"]
[Date "1998.12.30"]
[Round "4.3"]
[White "Vallejo Pons, Francisco"]
[Black "Illescas Cordoba, Miguel"]
[Result "1/2-1/2"]
[WhiteElo "2450"]
[BlackElo "2605"]
[PlyCount "42"]
[EventDate "1998.12.27"]

1. e4 e6 2. d4 d5 3. Nc3 Nf6 4. Bg5 dxe4 5. Nxe4 Nbd7 6. Nf3 h6 7. Nxf6+ Nxf6
8. Bxf6 Qxf6 9. g3 Bd6 10. Bg2 O-O 11. O-O e5 12. dxe5 Bxe5 13. Nxe5 Qxe5 14.
c3 c6 15. Re1 Qc7 16. Qa4 Be6 17. Rad1 Rfd8 18. h4 a5 19. b3 Rxd1 20. Rxd1 Rd8
21. Rxd8+ Qxd8 1/2-1/2

[Event "It."]
[Site "Pamplona"]
[Date "1998.12.30"]
[Round "4.4"]
[White "De La Riva Aguado, Oscar"]
[Black "De La Villa Garcia, Jesus"]
[Result "1/2-1/2"]
[WhiteElo "2510"]
[BlackElo "2500"]
[PlyCount "57"]
[EventDate "1998.12.27"]

1. e4 e6 2. d4 d5 3. Nd2 Nf6 4. Bd3 c5 5. e5 Nfd7 6. c3 Nc6 7. Ne2 cxd4 8. cxd4
f6 9. exf6 Nxf6 10. Nf3 Bd6 11. O-O O-O 12. Bf4 Bxf4 13. Nxf4 Ne4 14. Qc1 Ng5
15. Nxg5 Qxg5 16. Ne2 Qxc1 17. Raxc1 a6 18. a3 Bd7 19. Rc5 Rac8 20. Rfc1 Na7
21. Rc7 Bc6 22. Rxc8 Rxc8 23. Nf4 Bd7 24. Rxc8+ Bxc8 25. Kf1 Nc6 26. Ne2 Bd7
27. Ke1 Na7 28. Nc3 Nc6 29. Ne2 1/2-1/2

[Event "It."]
[Site "Pamplona"]
[Date "1998.12.31"]
[Round "5.1"]
[White "Comas Fabrego, Luis"]
[Black "Krasenkow, Michal"]
[Result "1/2-1/2"]
[WhiteElo "2540"]
[BlackElo "2655"]
[PlyCount "93"]
[EventDate "1998.12.27"]

1. d4 d5 2. c4 e6 3. Nc3 c6 4. e3 Bd6 5. Qc2 f5 6. f4 Nf6 7. Nf3 O-O 8. Be2 b6
9. O-O Ne4 10. Bd2 Nxd2 11. Qxd2 Nd7 12. a3 Nf6 13. b4 Bb7 14. c5 Bc7 15. Ne5
Bxe5 16. fxe5 Nd7 17. Bd3 a5 18. Rfc1 Qg5 19. Ne2 Qh6 20. cxb6 axb4 21. axb4
Rxa1 22. Rxa1 Nxb6 23. Kh1 Rf7 24. Kg1 Nd7 25. Ra7 Nf8 26. Ba6 Bxa6 27. Rxa6
Rc7 28. Nf4 g5 29. Nd3 Qg7 30. Qc1 f4 31. exf4 Qg6 32. Qe3 gxf4 33. Qf3 Qf5 34.
h4 Rf7 35. h5 h6 36. g3 Nh7 37. Nxf4 Ng5 38. Qg2 Rb7 39. Rxc6 Qb1+ 40. Kh2 Rxb4
41. Rc2 Nf3+ 42. Kh3 Nxd4 43. Nxd5 Qxc2 44. Nxb4 Qf5+ 45. g4 Qxe5 46. Nd3 Qe3+
47. Qg3 1/2-1/2

[Event "It."]
[Site "Pamplona"]
[Date "1998.12.31"]
[Round "5.3"]
[White "Illescas Cordoba, Miguel"]
[Black "De La Riva Aguado, Oscar"]
[Result "1-0"]
[WhiteElo "2605"]
[BlackElo "2510"]
[PlyCount "77"]
[EventDate "1998.12.27"]

1. d4 f5 2. g3 Nf6 3. Bg2 g6 4. Nh3 e6 5. Nf4 Nc6 6. c4 Bg7 7. Nc3 O-O 8. O-O
Qe7 9. d5 Ne5 10. Qb3 Nf7 11. c5 g5 12. Nd3 Kh8 13. e4 e5 14. exf5 d6 15. cxd6
cxd6 16. f3 Bxf5 17. Nf2 g4 18. fxg4 Nxg4 19. Nxg4 Bxg4 20. Ne4 Qd7 21. Be3 Nh6
22. Rxf8+ Rxf8 23. Bxa7 Nf5 24. Qb4 Ra8 25. Bf2 Ra4 26. Qb6 Nd4 27. Qxd6 Nf3+
28. Kh1 Qxd6 29. Nxd6 e4 30. h3 Bh5 31. Rc1 Bxb2 32. Rc8+ Kg7 33. Rc7+ Kf8 34.
Rxh7 Rxa2 35. Rxh5 Ra1+ 36. Bf1 Nd2 37. Kg2 Ba3 38. Rh8+ Kg7 39. Bd4+ 1-0

[Event "It."]
[Site "Pamplona"]
[Date "1999.01.02"]
[Round "6.3"]
[White "De La Riva Aguado, Oscar"]
[Black "Xie, Jun"]
[Result "0-1"]
[WhiteElo "2510"]
[BlackElo "2510"]
[PlyCount "70"]
[EventDate "1998.12.27"]

1. e4 e5 2. Nf3 Nc6 3. d4 exd4 4. Nxd4 Nf6 5. Nxc6 bxc6 6. e5 Qe7 7. Qe2 Nd5 8.
c4 Ba6 9. b3 O-O-O 10. g3 Re8 11. Bb2 f6 12. Qd2 Nb6 13. a4 Qb4 14. Qxb4 Bxb4+
15. Nd2 fxe5 16. a5 Na8 17. Bh3 Kb8 18. O-O-O d6 19. Ne4 c5 20. Bd7 Re7 21. Bc6
Bxa5 22. Rhf1 Bb7 23. Bxb7 Kxb7 24. Kc2 Bb4 25. Bc1 Nb6 26. Be3 a5 27. Kd3 a4
28. bxa4 Ra8 29. Ra1 Ree8 30. Rfb1 Kc6 31. Ra2 Rxa4 32. Rxa4 Nxa4 33. Kc2 Nb6
34. Kb3 Ra8 35. Bc1 Ra4 0-1

[Event "It."]
[Site "Pamplona"]
[Date "1999.01.02"]
[Round "6.5"]
[White "Comas Fabrego, Luis"]
[Black "De La Villa Garcia, Jesus"]
[Result "1/2-1/2"]
[WhiteElo "2540"]
[BlackElo "2500"]
[PlyCount "62"]
[EventDate "1998.12.27"]

1. Nf3 Nf6 2. b3 g6 3. Bb2 Bg7 4. g3 d5 5. Bg2 O-O 6. O-O c6 7. c4 a5 8. d3 Re8
9. Qc2 Na6 10. a3 b5 11. Nbd2 Bb7 12. e4 bxc4 13. bxc4 dxe4 14. Nxe4 Nxe4 15.
Bxg7 Kxg7 16. dxe4 Nc5 17. Qc3+ Kg8 18. Qe3 Ne6 19. c5 Qc7 20. Rfd1 Red8 21.
Bf1 Ba6 22. Bxa6 Rxa6 23. h4 Rxd1+ 24. Rxd1 Ra8 25. Kg2 Qa7 26. Rc1 h5 27. Nd4
Qd7 28. Nxe6 Qxe6 29. Rd1 Rb8 30. Rd4 Kh7 31. Rd3 a4 1/2-1/2

[Event "It."]
[Site "Pamplona"]
[Date "1999.01.03"]
[Round "7.1"]
[White "De La Villa Garcia, Jesus"]
[Black "Krasenkow, Michal"]
[Result "0-1"]
[WhiteElo "2500"]
[BlackElo "2655"]
[PlyCount "82"]
[EventDate "1998.12.27"]

1. e4 g6 2. d4 Bg7 3. Nf3 d6 4. c3 Nd7 5. Bc4 e6 6. O-O Ne7 7. Qe2 O-O 8. Re1
a6 9. a4 b6 10. Bf4 e5 11. dxe5 dxe5 12. Bg3 Bb7 13. Na3 Nc8 14. Rad1 Qe8 15.
Bd5 Bxd5 16. exd5 Nd6 17. Nc4 f6 18. Nfd2 Nc5 19. f4 Nxa4 20. fxe5 fxe5 21. Ra1
Qb5 22. Nxd6 cxd6 23. Ne4 Nxb2 24. Qxb5 axb5 25. Nxd6 Rad8 26. Nxb5 Rxd5 27.
Nc7 Ra5 28. Rab1 Nd3 29. Re3 e4 30. Rxe4 Bxc3 31. h4 Ra1 32. Rxa1 Bxa1 33. Nb5
Rf5 34. Nd6 Rh5 35. Re7 b5 36. Rb7 b4 37. Rb8+ Kg7 38. Rb7+ Kf6 39. Ne8+ Ke6
40. Ng7+ Bxg7 41. Rxg7 Rb5 0-1

[Event "It."]
[Site "Pamplona"]
[Date "1999.01.03"]
[Round "7.4"]
[White "Sutovsky, Emil"]
[Black "De La Riva Aguado, Oscar"]
[Result "1-0"]
[WhiteElo "2575"]
[BlackElo "2510"]
[PlyCount "63"]
[EventDate "1998.12.27"]

1. e4 c5 2. Nf3 Nc6 3. Bb5 g6 4. Bxc6 bxc6 5. O-O Bg7 6. Re1 Nh6 7. c3 O-O 8.
d4 cxd4 9. cxd4 d5 10. e5 f6 11. h3 Nf7 12. Nc3 Bf5 13. e6 Nd6 14. Nh4 Be4 15.
f3 g5 16. fxe4 gxh4 17. exd5 cxd5 18. Nxd5 Nf5 19. Qb3 Rb8 20. Qc4 Rc8 21. Qb5
Rb8 22. Qc6 Nxd4 23. Qc4 Nf5 24. Rd1 Qe8 25. Qg4 Ng3 26. Bh6 Nh5 27. Nxe7+ Qxe7
28. Rd7 Qc5+ 29. Kh1 Qe5 30. Rxg7+ Kh8 31. Rd1 Rg8 32. Rxg8+ 1-0

[Event "It."]
[Site "Pamplona"]
[Date "1999.01.04"]
[Round "8.1"]
[White "Krasenkow, Michal"]
[Black "Vallejo Pons, Francisco"]
[Result "1-0"]
[WhiteElo "2655"]
[BlackElo "2450"]
[PlyCount "103"]
[EventDate "1998.12.27"]

1. d4 d5 2. Nf3 Nf6 3. c4 dxc4 4. e3 e6 5. Bxc4 c5 6. Qe2 cxd4 7. exd4 Be7 8.
O-O O-O 9. Nc3 Nc6 10. Rd1 Na5 11. Bd3 b6 12. Bg5 Bb7 13. Ne5 Rc8 14. Rac1 Nd5
15. Qh5 g6 16. Nxg6 fxg6 17. Bxg6 hxg6 18. Qxg6+ Kh8 19. Qh6+ Kg8 20. Qg6+ Kh8
21. Qh5+ Kg8 22. Bh6 Bf6 23. Nxd5 Rxc1 24. Rxc1 Bxd5 25. Qg6+ Kh8 26. Bxf8 Qxf8
27. Rc7 Bg7 28. Rf7 Qg8 29. Rf4 Qd8 30. Rf7 Qg8 31. Rf4 Qd8 32. g3 Nc6 33. Qh5+
Kg8 34. Qf7+ Kh8 35. Qh5+ Kg8 36. Qf7+ Kh8 37. Rg4 Qf6 38. Rh4+ Qxh4 39. gxh4
a5 40. h5 Nxd4 41. Qc7 b5 42. Qxa5 Nf3+ 43. Kg2 Bxb2 44. Kh3 Bd4 45. Qxb5 Kg7
46. Qe8 Ng5+ 47. Kg4 Nf7 48. Kg3 Be5+ 49. f4 Bc3 50. Qd7 Be1+ 51. Kh3 Bxa2 52.
Qd1 1-0

[Event "It."]
[Site "Pamplona"]
[Date "1999.01.05"]
[Round "9.3"]
[White "Sutovsky, Emil"]
[Black "Comas Fabrego, Luis"]
[Result "1-0"]
[WhiteElo "2575"]
[BlackElo "2540"]
[PlyCount "89"]
[EventDate "1998.12.27"]

1. e4 e6 2. d4 d5 3. Nc3 Nf6 4. Bg5 Bb4 5. e5 h6 6. Bd2 Bxc3 7. Bxc3 Ne4 8. Ne2
c5 9. dxc5 Nc6 10. Bd4 Qe7 11. Nc3 Nxc5 12. f4 O-O 13. Qd2 Bd7 14. O-O-O Nxd4
15. Qxd4 Rac8 16. g3 Rc7 17. Kb1 Rfc8 18. f5 Qg5 19. Bd3 Nxd3 20. Qxd3 b5 21.
h4 Qg4 22. Rdf1 Rc4 23. fxe6 fxe6 24. h5 Qg5 25. Qf3 Qe7 26. Ne2 b4 27. Nf4
Rxc2 28. Ng6 Qc5 29. Qf7+ Kh7 30. Nf8+ Kh8 31. Ng6+ Kh7 32. Nf8+ Kh8 33. Qg6
Rxb2+ 34. Kxb2 Rxf8 35. Rxf8+ Qxf8 36. Qd3 Qb8 37. Qe3 Bb5 38. g4 Qd8 39. Qxa7
d4 40. Qc5 Be2 41. Qxb4 d3 42. Qd6 Qa5 43. Rc1 d2 44. Rc8+ Kh7 45. Qb8 1-0

[Event "It."]
[Site "Pamplona"]
[Date "1999.01.05"]
[Round "9.5"]
[White "Vallejo Pons, Francisco"]
[Black "De La Riva Aguado, Oscar"]
[Result "0-1"]
[WhiteElo "2450"]
[BlackElo "2510"]
[PlyCount "68"]
[EventDate "1998.12.27"]

1. d4 Nf6 2. c4 c5 3. d5 b5 4. cxb5 a6 5. f3 e6 6. e4 c4 7. Bxc4 axb5 8. Bb3
Bc5 9. Nh3 O-O 10. Bg5 h6 11. Bh4 exd5 12. Bxd5 Qa5+ 13. Nc3 Nxd5 14. Qxd5 b4
15. Na4 b3+ 16. Nc3 Nc6 17. Qxb3 Rb8 18. Qa4 Rxb2 19. Qxa5 Nxa5 20. Na4 Bb4+
21. Kf1 Rc2 22. Nf4 Ba6+ 23. Kg1 Bd6 24. Nd5 Be5 25. Rd1 Be2 26. Ne7+ Kh7 27.
Rd5 Nc4 28. Bg3 Bxg3 29. hxg3 Ra8 30. Nc5 Ne3 31. Nxd7 Nxd5 32. Nxd5 Bxf3 33.
gxf3 Raxa2 34. Ne3 Re2 0-1